000 00615nam a22002177a 4500
003 UA-OsUOA
001 40933
007 ta
008 20080703b un ||||| |||| 00| 0 ukr d
090 _a929.6
_bР33
942 _cBR
040 _aUA-OsUOA
_bukr
_cUA-OsUOA
_dUA-OsUOA
245 _aРеєстр особових гербів Українського геральдичного товариства
_bВип. 1
300 _a20 с.
955 _a1
041 _aukr
080 _a929.6
260 _aЛьвів
_c2003
650 7 _a9 Географія. Біографії. Історія
_2UDC
999 _c439436
_d439436